| 000 | 01683cam a22003251i 4500 | ||
|---|---|---|---|
| 003 | SA-RiAUC | ||
| 005 | 20250627123205.0 | ||
| 008 | 250626s2004 ua g f00010dara c | ||
| 040 |
_aIMAM _bara _cSA-RiAUC _erda |
||
| 041 | 1 |
_aara _hund |
|
| 043 | _aar----- | ||
| 082 | 0 | 4 |
_a915.304 _qSA-RiAUC |
| 090 |
_a915.304 _bم ر ا |
||
| 100 | 1 |
_aالمراد آبادي، رفيع الدين، _d1134-1223 هجري _eمؤلف. |
|
| 245 | 1 | 2 |
_aالرحلة الهندية إلى الجزيرة العربية (1201 هـ. الموافق 1789 م.) / _cتأليف رفيع الدين المراد آبادي ؛ ترجمة سمير عبد الحميد إبراهيم. |
| 250 | _aالطبعة الأولى. | ||
| 264 | 1 |
_aالقاهرة : _bالمجلس الأعلى للثقافة، _c2004 |
|
| 300 |
_a184 صفحة ؛ _c19 سم. |
||
| 336 |
_aنص _btxt _2rdacontent _3كتاب |
||
| 337 |
_aبدون وسيط _bn _2rdamedia |
||
| 338 |
_aمجلد _bnc _2rdacarrier |
||
| 490 | 1 |
_aالمشروع القومي للترجمة / المجلس الأعلى للثقافة ؛ _v487 |
|
| 520 | 0 | _aالكتاب تدوين لما شاهده في سفره البري من مسقط رأسه إلى الحرمين. | |
| 600 | 1 | 7 |
_aالمراد آبادي، رفيع الدين، _d1134-1223 هجري _xرحلات _zشبه الجزيرة العربية _2aucnm |
| 651 | 7 |
_aشبه الجزيرة العربية _xوصف ورحلات _2aucsh |
|
| 700 | 1 |
_aإبراهيم، سمير عبد الحميد، _d1946- _eمترجم. |
|
| 830 | 2 |
_aالمشروع القومي للترجمة (المجلس الأعلى للثقافة) _v487 |
|
| 942 |
_2ddc _cBOOK _n0 |
||
| 949 |
_aSA-JeALM _d250626 _umohamedma123 _n1 |
||
| 999 |
_c9221 _d9221 |
||